Score 0/16 Timer 04:00
0 Plays Today
Hint Answer % Correct
Which contestant sat out multiple challenges as the result of a physical injury?Missy Payne
90.3%
Who did Natalie play her hidden immunity idol on, leading to Baylor's blindside?Jaclyn Schultz
90.1%
Which fairy tale archetype did Reed compare Missy to in his jury speech?The Wicked Stepmother
87%
What item did the blue tribe lose, prompting them to trade their fishing gear for a new one?Flint
86.6%
Which castaway received 17 votes against them throughout the game?Baylor Wilson
84.3%
What other item did the blue tribe ended up needing, swapping nearly all of their possessions for it?Rice
83.9%
What team nickname were the winner and the last-place contestant best known as when the competed on The Amazing Race?The Twinnies
79.4%
What were the last four words in the sentence Keith said that prompted Jon playing his idol?Stick to the plan
79.2%
Hint Answer % Correct
Which castaway accidentally spat all over his or her shirt during an immunity challenge?Natalie Anderson
76.3%
Which pair was the first to have both players eliminated?Dale and Kelley
76%
What was the name of the tribe wearing orange buffs?Coyopa
74%
Which Survivor ended up on a tribe alone with three pairs of loved ones after the swap?Keith Nale
73.3%
What food item did Julie hide in her bag, causing ire among her other tribemates?Trail mix
67.7%
Wes told his tribe that he once ate 58 of what food item in five minutes during an eating competition?Chicken nuggets
65.9%
What was the name of the tribe wearing blue?Hunahpu
64.1%
What was the name of the merged tribe?Huyopa
59.9%
Remove Ads.
Support Sporcle.
Get the best of Sporcle when you Go Orange. This ad-free experience offers more features, more stats, and more fun while also helping to support Sporcle. Thank you for becoming a member.

You're not logged in!

Compare scores with friends on all Sporcle quizzes.
OR
Log In

Show Comments

Extras

Top Quizzes Today


Score Distribution

Your Account Isn't Verified!

In order to create a playlist on Sporcle, you need to verify the email address you used during registration. Go to your Sporcle Settings to finish the process.

Report this User

Report this user for behavior that violates our Community Guidelines.

Details: